| 000 | 00000nam 2200000zi 4500 |
| 001 | 9.948934 |
| 003 | CaOODSP |
| 005 | 20250820092921 |
| 006 | m o d f |
| 007 | cr mn||||||||| |
| 008 | 250307e202504##onc o f000 0 fre d |
| 020 | |a9780660763118 |
| 040 | |aCaOODSP|bfre|erda|cCaOODSP |
| 043 | |an-cn--- |
| 086 | 1 |aHP40-251/5-2024F-PDF |
| 245 | 00|aRapport d'étape 2023-2024 : |bplan d'action quinquennal du gouvernement du Canada sur les infections transmissibles sexuellement et par le sang. |
| 264 | 1|aOttawa (Ontario) : |bGouvernement du Canada = Government of Canada, |cavril 2025. |
| 264 | 4|c©2025 |
| 300 | |a1 ressource en ligne (ii, 29 pages) |
| 336 | |atexte|btxt|2rdacontent/fre |
| 337 | |ainformatique|bc|2rdamedia/fre |
| 338 | |aressource en ligne|bcr|2rdacarrier/fre |
| 500 | |aTitre de la couverture. |
| 500 | |aPublié aussi en anglais sous le titre : 2023-2024 progress report : Government of Canada five-year action plan on sexually transmitted and blood-borne infections. |
| 520 | |a« Le gouvernement du Canada demeure dévoué à réduire le fardeau des infections transmissibles sexuellement et par le sang (ITSS) chez les personnes vivant au Canada. Le Canada s’engage à accélérer les efforts et à atteindre les objectifs stratégiques établis par l’Organisation mondiale de la Santé et le Programme commun des Nations Unies sur le VIH/sida » -- Avant-propos, page 2. |
| 650 | 6|aInfections transmissibles sexuellement|xPolitique gouvernementale|zCanada. |
| 650 | 6|aInfections à diffusion hématogène|xPolitique gouvernementale|zCanada. |
| 710 | 2 |aAgence de santé publique du Canada, |eorganisme de publication. |
| 775 | 08|t2023-2024 progress report : |w(CaOODSP)9.948933 |
| 795 | |tRapport d'étape 2022-2023 : |b2024|w(CaOODSP)9.940278 |
| 856 | 40|qPDF|s351 Ko|uhttps://publications.gc.ca/collections/collection_2025/aspc-phac/HP40-251-5-2024-fra.pdf |
| 856 | 4 |qHTML|sS.O.|uhttps://www.canada.ca/fr/sante-publique/services/publications/maladies-et-affections/rapport-etape-2023-2024-infections-transmissibles-sexuellement-sang.html |
| 986 | |a240963 |